Normal view
MARC view
- الكيمياء-تجارب
Entry Topical Term
001 - CONTROL NUMBER
- control field: 37069
003 - CONTROL NUMBER IDENTIFIER
- control field: JO-AjAnu
005 - DATE AND TIME OF LATEST TRANSACTION
- control field: 20230606080202.0
008 - FIXED-LENGTH DATA ELEMENTS
- fixed length control field: 230606|| aca||aabn | a|a d
040 ## - CATALOGING SOURCE
- Original cataloging agency: JO-AjAnu
- Transcribing agency: JO-AjAnu
150 ## - HEADING--TOPICAL TERM
- Topical term or geographic name entry element: الكيمياء-تجارب
670 ## - SOURCE DATA FOUND
- Source citation: Work cat.: (JO-AjAnu)19024: المنجد، راشد علي / م. مشارك محمد حسن السمان, author 37068, تجارب في عملي الكيمياء اللاعضوية 2